000 01071nam a22003257a 4500
001 BR7805578
003 BR-BrBNA
005 20230928085716.0
007 ta
008 230509b bl.||||| |||| 00| 0 por d
040 _aBR-BrBNA
_bpor
_cBiblioteca Nacional de Agricultura
041 _a(Por)
072 _aF00; F60
_b0336
_b3575
_b/G514
090 _ 0336 BR7805578
100 1 _aBelle, R.A.
110 1 _aUniversidade Federal de Pelotas, RS (Brasil)
_0Tese (Mestre)
_910876
245 1 _aEstudo do acamamento de plantas na producao, componentes da producao e qualidade de sementes de soja (Glycine max (L.)Merril)[Espacamento; Semeadura; Plantio; Germinacao; Teste de vigor; Brasil]
260 3 _aPelotas, RS (Brasil):
_c1978.
300 _a94 p.
500 _a64 tables; Bibliography p. 89-94 (56 ref.); Summaries (Eng, Por)
650 _aSOJA
650 _aSEMENTE
650 _aESPACAMENTO
650 _aPLANTIO
650 _aSEMEADURA
650 _aGERMINACAO
650 _aTESTE DE VIGOR
909 _a202309
_bLucia
_c55
_dLucia Elande
942 _cBK
999 _c25897
_d25897